Chamber music for string orchestra

-д хадгалсан:
Номзүйн дэлгэрэнгүй
Үндсэн зохиолч: Applebaum, Samuel (Зохиогч)
Формат: Ном
Хэл сонгох:англи
Хэвлэсэн: Nueva York Belwin Mills 1972
Цуврал:Samuel Applebaum Course for Strings
Нөхцлүүд:
Шошгууд: Шошго нэмэх
Шошго байхгүй, Энэхүү баримтыг шошголох эхний хүн болох!

MARC

LEADER 00000nam a2200000 a 4500
001 UCM0257
003 CL-VaPUC
008 020125e19720000US |||||||||||||||||eng|d
082 0 4 |a Or784.727  |b APP  |2 21 
100 0 |a Applebaum, Samuel  |e author  |9 466962 
245 1 0 |a Chamber music for string orchestra 
300 |a v 
942 |c BK 
945 |d 20020125 00:00:00  |a lriquelm 
260 |a Nueva York  |b Belwin Mills  |c 1972 
500 |a Incluye las partes instrumentales del 1§, 2§ y 3§ violín - cello y piano acompañante 
650 0 |a Orquesta de cuerdas  |9 328881 
650 0 |a Partituras  |9 324008 
650 0 |a Música de cámara  |9 306547 
650 0 |a Música para instrumentos de cuerda  |9 324832 
583 |a last modification  |c 20130316 11:08:22  |k Rodrigo Vera 
490 0 |a Samuel Applebaum Course for Strings 
999 |c 299237  |d 299235 
952 |0 0  |1 0  |4 0  |6 OR_784_727000000000000_APP_1972  |7 0  |8 R  |9 355510  |a BIBEDU  |b BIBEDU  |c BIBEDU_PB  |d 2019-11-21  |h v.1  |i 1156179  |o Or784.727 APP 1972  |p 1156179  |r 2023-01-12  |w 2019-11-21  |y PA  |k MUS 
952 |0 0  |1 0  |4 0  |6 OR_784_727000000000000_APP_1972  |7 0  |8 R  |9 355511  |a BIBEDU  |b BIBEDU  |c BIBEDU_PB  |d 2019-11-21  |h v.1  |i 1156187  |o Or784.727 APP 1972  |p 1156187  |r 2023-11-22  |w 2019-11-21  |y PA  |k MUS 
952 |0 0  |1 0  |4 0  |6 OR_784_727000000000000_APP_1972  |7 0  |8 R  |9 355512  |a BIBEDU  |b BIBEDU  |c BIBEDU_PB  |d 2019-11-21  |h v.1  |i 1156195  |o Or784.727 APP 1972  |p 1156195  |r 2023-11-22  |w 2019-11-21  |y PA  |k MUS 
952 |0 0  |1 0  |4 0  |6 OR_784_727000000000000_APP_1972  |7 0  |8 R  |9 355513  |a BIBEDU  |b BIBEDU  |c BIBEDU_PB  |d 2019-11-21  |h v.1  |i 1156209  |o Or784.727 APP 1972  |p 1156209  |r 2023-11-22  |w 2019-11-21  |y PA  |k MUS 
952 |0 0  |1 0  |4 0  |6 OR_784_727000000000000_APP_1972  |7 0  |8 R  |9 355514  |a BIBEDU  |b BIBEDU  |c BIBEDU_PB  |d 2019-11-21  |h v.1  |i 1156217  |o Or784.727 APP 1972  |p 1156217  |r 2023-11-22  |w 2019-11-21  |y PA  |k MUS